Statistics for Premier League 2022-23 jersey makers

Click here to take the quiz!

General Stats

  • This quiz has been taken 49 times
  • The average score is 13 of 20

Answer Stats

HintAnswer% Correct
ArsenalAdidas
100%
Manchester UnitedAdidas
86%
ChelseaNike
86%
LiverpoolNike
83%
Manchester CityPuma
83%
Tottenham HotspurNike
81%
BrightonNike
81%
Leicester CityAdidas
71%
FulhamAdidas
69%
Leeds UnitedAdidas
69%
Aston VillaCastore
57%
West Ham UnitedUmbro
55%
Newcastle UnitedCastore
50%
BournemouthUmbro
50%
WolvesCastore
48%
EvertonHummel
48%
BrentfordUmbro
48%
SouthamptonHummel
36%
Crystal PalaceMacron
31%
Nottingham ForestMacron
29%

Score Distribution

Percentile by Number Answered

Percent of People with Each Score

Your Score History

You have not taken this quiz